000 00761nam a2200253Ia 4500
003 OSt
005 20220918171216.0
006 a|||||r|||| 00| 0
007 ta
008 220917b |||||||| |||| 00| 0 eng d
020 _a9781409498783 (hbk)
_c6449.94
024 _a289,270
037 _b1075, 09/02/2016, Bright Book Service
_cTextual
040 _aARTS
_cARTS
_beng
041 _2eng
_aeng
082 _aO111,1J72:g, Q5
100 _aGuibbory Achsah
_934780
245 0 _aReturning to john donne
260 _aEngland
_bAshgate UK
_c2015
300 _aix, 268p.
_ccm.
650 _aENGLISH LITERATURE
942 _hO111,1J72:g, Q5
_cTEXL
_2CC
999 _c138338
_d138338